000 00808nam a22002057a 4500
003 OSt
005 20250815062410.0
008 250815b |||||||| |||| 00| 0 eng d
020 _a978-971-9655-10-7
040 _aDWC-Main Lib
_cOC
082 _aFil. 613.7 P578 2022
100 _aBulatao, Mary Grace Medina
245 _aPhysical Activity towards Health and Fitness (PATH-FIT 3 DANCE) :
_bfolks dance, cheers dances, street dance, hip-hop, social dances/
_cMary Grace Medina Bulatao [and seven others]
260 _aManila, Philippines :
_bMindshapers Co. Inc.,
_cc2022.
300 _aviii, 174 pages :
_billustrations ;
_c23cm.
504 _aIncludes bibliographical references.
650 _a1. Dance education.
650 _a2. Physical Fitness- - Dance movement.
942 _2ddc
_cBK - FIL
_kFil.
_n0
999 _c3973
_d3973